Sunlight - Hozier (All Lyrics) - Statistics

General Stats
  • This quiz has been taken 130 times
  • The average score is 169 of 252
Answer Stats
Answer % Correct
sunlight
100%
I
99%
a
94%
the
94%
you
89%
and
86%
who
86%
to
85%
your
82%
be
81%
my
81%
would
81%
is
80%
me
78%
love
77%
it
76%
oh
76%
in
75%
for
73%
that
73%
not
71%
light
70%
on
66%
night?
61%
of
61%
take
61%
shun
59%
but
58%
as
57%
like
56%
know
53%
its
52%
moon
51%
flight?
49%
quiet
49%
All
48%
all
48%
last
48%
was
48%
with
48%
heart
47%
can
46%
lost
46%
cool
44%
first
44%
trade
44%
evening's
43%
flew
43%
I'd
43%
acolyte
42%
at
42%
been
42%
certainty
42%
moth
42%
had
41%
Icarus
41%
sight
41%
before
39%
fierce
39%
wax
39%
rain
38%
share
38%
again
37%
death
37%
gladly
37%
hum
37%
melted
37%
pain
37%
wing
37%
cold
35%
soul
35%
told
35%
whose
35%
day
34%
decisive
34%
sea
34%
something
34%
under
34%
betray
33%
happily
33%
tales
33%
that's
33%
affirming
32%
clad
32%
strap
32%
trap
30%
born
29%
flame
29%
these
29%
foreknown
28%
only
28%
same
28%
shown
28%
burning
25%
carry
25%
knows
25%
name
25%
meet
24%
rise
24%
slowly
24%
each
20%
grant
20%
you'd
20%
colors
19%
fade
19%
buried
18%
hold
18%
No matching quizzes found
Score Distribution
Percent of People with Each Score
Percentile by Number Answered
Your Score History
You have not taken this quiz